Čokoládová história
História objavenia kakaovníka - čokolády. Čo obsahuje čokoláda a čo si máme všímať na jej obale. Druhy čokolád - ich zloženie. Spotreba čokolády vo svete. Čokoláda a zdravie.
Gespeichert in:
| 1. Verfasser: | |
|---|---|
| Format: | Buchkapitel |
| Sprache: | Slowakisch |
| Schlagworte: | |
| Tags: |
Keine Tags, Fügen Sie das erste Tag hinzu!
|
MARC
| LEADER | 00000naa a2200000 4500 | ||
|---|---|---|---|
| 001 | r047040 | ||
| 005 | 20230908084057.2 | ||
| 041 | 0 | |a slo | |
| 044 | |a SK | ||
| 245 | 1 | 0 | |a Čokoládová história |c Martin Kasarda |
| 520 | |a História objavenia kakaovníka - čokolády. Čo obsahuje čokoláda a čo si máme všímať na jej obale. Druhy čokolád - ich zloženie. Spotreba čokolády vo svete. Čokoláda a zdravie. | ||
| 610 | 2 | 0 | |a čokoláda |
| 610 | 2 | 0 | |a kakao |
| 610 | 2 | 0 | |a história |
| 610 | 2 | 0 | |a potraviny |
| 610 | 2 | 0 | |a spotreba |
| 610 | 2 | 0 | |a zdravie |
| 610 | 2 | 0 | |a svet |
| 100 | 1 | |a Kasarda, Martin | |